000 00975nam a2200217Ia 4500
003 GCL
005 20240530095456.0
008 140319s9999 xx 000 0 ara d
040 _aGCL /
_cGCL
082 0 4 _a323.153
_bم ح
245 1 0 _aحقوق الانسان فى الوطن العربى :
_bتقرير المنظمة العربية لحقوق الانسان عن حالة حقوق الانسان فى الوطن العربى التقرير السنوى 2009 - 2010 /
250 _aالاولى
260 _aالقاهرة :
_bالمنظمة العربية لحقوق الانسان ،
_c2005
300 _a158ص ؛
_c30سم
650 0 4 _aالحقوق المدنية
650 0 4 _aالعالم العربى - الاحوال الاقتصادية
650 0 4 _aالعالم العربى - الاحوال الاجتماعية
650 0 4 _aحقوق الانسان - تقارير
650 0 4 _aالعالم العربى - حقوق الانسان
942 _2ddc
_cBK
999 _c7654
_d7654